000 00640nam a2200205Ii 4500
001 11824
003 CO-ViMGA
008 241108s9999||||xx |||||||||||||| ||und||
040 _aCO-ViMGA
_bspa
_erda
_cCO-ViMGA
041 0 _asos
082 0 4 _a986.1562 O643
100 1 _aTomás Ojeda Ojeda
_952418
245 1 0 _aVillavicencio entre la documentalidad y la oralidad 1880-1980
264 1 _aBogotá, Colombia : Oscar Giraldo Durán ediciones, 2001
300 _avolumen
336 _atext
_btxt
_2rdacontent
337 _aunmediated
_bn
_2rdamedia
338 _avolume
_bnc
_2rdacarrier
940 _aidficha_siabuc: 11544. -- ficha_no_siabuc:11824
999 _c55435
_d55435